[Event "Styrian op U14/18 29th"]
[Site "Mureck"]
[Date "2023.08.05"]
[Round "4"]
[White "Gierlinger, Janosch"]
[Black "Friscic, Laura"]
[Result "0-1"]
[WhiteElo "1372"]
[BlackElo "1316"]
[PlyCount "66"]
[EventDate "2023.08.02"]
[EventRounds "9"]
[EventCountry "AUT"]
[SourceTitle "EXT 2024"]
[Source "ChessBase"]
[SourceDate "2023.10.10"]
[SourceVersion "1"]
[SourceVersionDate "2023.10.10"]
[SourceQuality "1"]

1. c4 f5 2. Nc3 Nf6 3. g3 g6 4. Bg2 e5 5. e3 Bg7 6. Nge2 c6 7. d4 e4 8. Nf4 d5 9. cxd5 Nxd5 10. Nfxd5 cxd5 11. Qb3 Nc6 12. Nxd5 Na5 13. Qa4+ Bd7 14. Qd1 Nc4 15. Nc3 Qb6 16. Qb3 Qxb3 17. axb3 Nb6 18. Bf1 Ke7 19. Bd2 Be6 20. Nb5 Kd7 21. Bb4 Bxb3 22. Nd6 Bf8 23. Bb5+ Ke6 24. Bc5 Bxd6 25. Ra3 Bd5 26. 0-0 Bxc5 27. dxc5 Nc4 28. Bxc4 Bxc4 29. Rc1 Bb5 30. Rd1 Rhd8 31. Rxd8 Rxd8 32. Rxa7 Rd1+ 33. Kg2 Bf1+ 0-1

[Event "Styrian op U14/18 29th"]
[Site "Mureck"]
[Date "2023.08.05"]
[Round "5"]
[White "Wurm, Emily"]
[Black "Gierlinger, Janosch"]
[Result "1-0"]
[WhiteElo "1244"]
[BlackElo "1372"]
[PlyCount "117"]
[EventDate "2023.08.02"]
[EventRounds "9"]
[EventCountry "AUT"]
[SourceTitle "EXT 2024"]
[Source "ChessBase"]
[SourceDate "2023.10.10"]
[SourceVersion "1"]
[SourceVersionDate "2023.10.10"]
[SourceQuality "1"]

1. e4 e6 2. d4 d5 3. exd5 exd5 4. c4 Nf6 5. Nc3 Bf5 6. Be3 c6 7. Nf3 Bd6 8. cxd5 cxd5 9. Qb3 Qb6 10. Be2 Nc6 11. Rc1 Qxb3 12. axb3 0-0 13. 0-0 a6 14. Bg5 Ne4 15. Bh4 Nxc3 16. bxc3 Na5 17. Bd1 Rac8 18. Bg3 Bxg3 19. fxg3 Be4 20. Ne5 Rc7 21. b4 Nc6 22. Nxc6 Rxc6 23. Re1 Rfc8 24. Re3 Rc4 25. Bf3 Bxf3 26. gxf3 f6 27. Rd3 Rxb4 28. Rcd1 Rb3 29. Rc1 b5 30. Kf1 a5 31. Ke1 a4 32. Kd2 Kf7 33. Re3 a3 34. h4 Rb2+ 35. Kd3 a2 36. Ra1 Ra8 37. Ree1 Ra3 38. Rec1 Rbb3 39. Rc2 Ke6 40. Raxa2 Rxa2 41. Rxa2 b4 42. Rc2 f5 43. Kd2 f4 44. g4 Rb1 45. cxb4 Rxb4 46. Kd3 Rb3+ 47. Rc3 Rb1 48. Ke2 Rb2+ 49. Ke1 Rb1+ 50. Ke2 Rb2+ 51. Ke1 Rb4 52. Rd3 Kd6 53. Kd2 Kc6 54. Rc3+ Kb5 55. Rc5+ Kb6 56. Rxd5 Rb2+ 57. Kd3 Rb3+ 58. Ke4 Kc6 59. Rc5+ 1-0

[Event "Styrian op U08/12 28th"]
[Site "Mureck"]
[Date "2022.08.11"]
[Round "9"]
[White "Schwarz, Timo"]
[Black "Gierlinger, Janosch"]
[Result "1-0"]
[WhiteElo "978"]
[BlackElo "1337"]
[PlyCount "53"]
[EventDate "2022.08.03"]
[EventType "swiss"]
[EventRounds "9"]
[EventCountry "AUT"]
[SourceTitle "EXT 2023"]
[Source "ChessBase"]
[SourceDate "2022.10.05"]
[SourceVersion "1"]
[SourceVersionDate "2022.10.05"]
[SourceQuality "1"]

1. e4 e6 2. d4 d5 3. exd5 exd5 4. Nf3 Nc6 5. Bb5 Bd7 6. 0-0 a6 7. Bxc6 Bxc6 8. Nc3 Nf6 9. Bd2 Be7 10. Re1 0-0 11. Ne5 Bd6 12. Nxc6 bxc6 13. Re2 Rb8 14. b3 Ng4 15. h3 Qh4 16. Kf1 Nh2+ 17. Ke1 Rfe8 18. Be3 Bg3 19. fxg3 Qxg3+ 20. Kd2 c5 21. Qe1 Rxe3 22. Rxe3 Qf4 23. Kd1 Qxd4+ 24. Qd2 Nf1 25. Qxd4 cxd4 26. Rf3 Ne3+ 27. Kd2 1-0

[Event "Styrian op U08/12 28th"]
[Site "Mureck"]
[Date "2022.08.03"]
[Round "1"]
[White "Gierlinger, Janosch"]
[Black "Pumberger, Philipp"]
[Result "1-0"]
[WhiteElo "1337"]
[BlackElo "800"]
[PlyCount "65"]
[EventDate "2022.08.03"]
[EventType "swiss"]
[EventRounds "9"]
[EventCountry "AUT"]
[SourceTitle "EXT 2023"]
[Source "ChessBase"]
[SourceDate "2022.10.05"]
[SourceVersion "1"]
[SourceVersionDate "2022.10.05"]
[SourceQuality "1"]

1. c4 e5 2. Nc3 Nf6 3. g3 Bb4 4. Nd5 Nxd5 5. cxd5 0-0 6. Bg2 h6 7. a3 Bc5 8. b4 Be7 9. Bb2 d6 10. e3 a6 11. Ne2 Bg4 12. h3 Bxe2 13. Qxe2 c6 14. Qg4 Nd7 15. dxc6 bxc6 16. Bxc6 Rc8 17. Bxd7 Rc7 18. Bf5 g6 19. Be4 Rc4 20. h4 d5 21. d3 Rc8 22. Bxg6 fxg6 23. Qxg6+ Kh8 24. Qxh6+ Kg8 25. Bxe5 Bf6 26. Bxf6 Rxf6 27. Qg5+ Kf8 28. h5 Kf7 29. h6 Qh8 30. Qxd5+ Kg6 31. h7 Rf7 32. Qe6+ Kg7 33. Qh6# 1-0

[Event "AUT-ch U10 Online Rapid"]
[Site "Playchess.com INT"]
[Date "2020.12.13"]
[Round "4"]
[White "Gierlinger, Janosch"]
[Black "Matthias, Liam"]
[Result "0-1"]
[WhiteElo "1411"]
[BlackElo "1627"]
[PlyCount "96"]
[EventDate "2020.12.13"]
[EventType "swiss (rapid)"]
[EventRounds "7"]
[EventCountry "AUT"]
[SourceTitle "EXT 2022"]
[Source "ChessBase"]
[SourceDate "2021.10.06"]
[SourceVersion "1"]
[SourceVersionDate "2021.10.06"]
[SourceQuality "1"]

1. e4 c6 2. d4 d5 3. e5 Bf5 4. Nf3 e6 5. Nc3 c5 6. Be3 Qb6 7. Rb1 Nc6 8. Bb5 Bg6 9. 0-0 Be7 10. a4 a6 11. Bxc6+ Qxc6 12. b4 b6 13. b5 axb5 14. axb5 Qc7 15. Ra1 Rxa1 16. Qxa1 Bxc2 17. Qa8+ Bd8 18. Rc1 Be4 19. Nxe4 dxe4 20. Qxe4 Be7 21. Qa8+ Qd8 22. Qxd8+ Kxd8 23. dxc5 bxc5 24. Bxc5 Kd7 25. Bxe7 Nxe7 26. b6 Rb8 27. Rb1 Nd5 28. Ng5 f6 29. exf6 Nxf6 30. Nf7 Ke7 31. Ne5 Kd6 32. Nc4+ Kc5 33. Ne5 Rb7 34. Nd3+ Kd6 35. Nb4 Rxb6 36. h3 Nd5 37. Nxd5 Rxb1+ 38. Kh2 Kxd5 39. f3 Ke5 40. Kg3 Rb2 41. Kh2 Kf4 42. h4 h5 43. Kh3 g6 44. Kh2 Ke3 45. Kg3 e5 46. Kh2 Kf2 47. Kh3 Rb1 48. Kh2 Rc1 0-1